1183 1698 1475 1547 1766 1806 1890 1943 1882 1486 1646 1082 1784 1246 1968 1065 1584 1668 1170 1421 1971 1927 1992 1039 1854 1607 1388 1513 1893 1225 1866 1012 1054 1508 1896 1160 1156 1726 1957 1020 1290 1308 1316 1851 1580 1068 1367 1895 1761 1646 1332 1523 1895 1636 1014 1661 1283 1984 1791 1807 1910 1816 1956 1698 1114 1372 1151 1936 1144 1897 1226 1463 1526 1108 1281 1687 1790 1468 1213 1461 1510 1774 1729 1707 1279 1031 1160 1016 1943 1003 1039 1415 1192 1575 1048 1733 1871 1220 1215 BCNSPRNW ULIB Ver.6.0+V

เปลี่ยนเป็นภาษาไทย

Change to English
 แสดงรายละเอียดบรรณานุกรม
  กลับหน้าหลัก

Brief Record : Get Marc (ISO 2709) : E-mail record : QR code < ปิดหน้าต่าง
LEADER : 00000nam 2200000uu 4500
001    13399124802
003     ULIB
008    160324s2016||||th 000 0 eng d
020    9780323358781
060 04 ^aWY150^bM427v
100 1  ^aMathers, Dorothy
245 10 ^aVirtual clinical excursions -- medical-surgical for Ignatavicius and Workman : medical-surgical nursing :^bpatient-centered collaborative care 6th edition /^cprepared by Dorothy Mathers ; software developed by Wolfsong Informatics
246 30 ^aMedical surgical nursing.
260    ^aPhiladelphia :^bElsevier,^cc2016.
300    ^aix, 274 p. :^bill. ;^c28 cm.
650  0 ^aNursing
650  0 ^aSurgical nursing
650  2 ^aNursing Process
650  2 ^aNursing Assessment
650  2 ^aNursing
650  2 ^aNursing Care
650  2 ^aPerioperative Nursing
700 1  ^aIgnatavicius, Donna D.
700 1  ^aWorkman, M. Linda.
710 2  ^aWolfsong Informatics.
945    ^p0^l0^i000351
999    ^aเกษร โพธิ์สุวรรณ
รายการนี้ยังไม่มีแท็ก
คุณยังไม่ได้ล็อกอิน คุณสามารถมีกิจกรรมร่วมกับเว็บไซต์ได้ แต่ต้องล็อกอินก่อน ::
  ล็อกอิน

รายการสื่อสารสนเทศ

ลำดับที่ ประเภท เลขเรียก/บาร์โค้ด สถานที่ สถานะ
1. Book การพยาบาล
Book การพยาบาล
WY150 M427v ฉ.1 
  Barcode: 000351
ห้องสมุดวิทยาเขตสวรรค์ประชารักษ์
►หนังสือทั่วไป
บนชั้น

รายการใกล้เคียง
    หัวเรื่อง [Nursing]
    หัวเรื่อง [Surgical nursing]
    หัวเรื่อง [Nursing Process]
    หัวเรื่อง [Nursing Assessment]
    หัวเรื่อง [Nursing]
    หัวเรื่อง [Nursing Care]
    หัวเรื่อง [Perioperative Nursing]

BibComment


ยังไม่เคยถูกคอมเมนท์

คอมเมนท์ทรัพยากรรายการนี้
  คอมเมนท์: Virtual clinical..


 Copyright 2026. Bcnsprnw @Library